La tonificación muscular: teoría y práctica

Na minha lista:
Detalhes bibliográficos
Main Authors: García Vilanova, Nati (Author), Martínez, Antoni (Author), Tabuenca Monge, Alfred (Author)
Formato: Livro
Idioma:espanhol
Publicado em: Barcelona Paidotribo 2002
Edição:2a. ed
Assuntos:
Tags: Adicionar Tag
Sem tags, seja o primeiro a adicionar uma tag!

MARC

LEADER 00000nam a2200000 a 4500
001 UCG3302
003 CL-VaPUC
008 100819e20020000SP |||||||||||||||||spa|d
020 |a 8480194219 
082 0 4 |a 613.7  |b GAR  |2 21 
100 0 |a García Vilanova, Nati  |e author  |9 552313 
700 0 |a Martínez, Antoni  |e author  |9 552314 
700 0 |a Tabuenca Monge, Alfred  |e author  |9 552315 
245 1 3 |a La tonificación muscular: teoría y práctica 
250 |a 2a. ed 
300 |a 271 p 
942 |c BK 
945 |d 20100819 00:00:00  |a mfarfan 
260 |a Barcelona  |b Paidotribo  |c 2002 
650 0 |a Músculos  |9 269552 
650 7 |a TONIFICACION  |2 CL-VaPUC  |9 552316 
650 7 |a ENTRENAMIENTO FISICO  |2 CL-VaPUC  |9 307393 
583 |a last modification  |c 20100819 00:00:00  |k Rodrigo Vera 
999 |c 342372  |d 342370 
952 |0 0  |1 0  |4 0  |6 613_700000000000000_GAR_2002  |7 0  |8 C  |9 438534  |a BIBCUR  |b BIBCUR  |d 2019-11-22  |i 470911K  |o 613.7 GAR 2002  |p 470911K  |r 2025-04-22  |w 2019-11-22  |y BK  |k DEN